=LDR 00000nam 2200000 4500 =001 INLIS000000000004332 =005 20250708083637 =035 ##$$a 0010-0725000143 =007 ta =008 250708################f##########0#ind## =082 ##$$a 304.66 =084 ##$$a 304.66 TNI p =245 1#$$a Petunjuk-Teknis TNI Manunggal KB-Kesehatan Tahun 1999 /$c TNI Manunggal KB-Kes =260 ##$$a Jakarta :$b TNI Manunggal KB-Kes,$c 1999 =300 ##$$a 31 hlm. =650 #4$$a Petunjuk-Teknis =110 2#$$a TNI Manunggal KB-Kes =856 ##$$a Perpustakaan Kemendukbangga